Integrated invasive plant management for the Coos Bay District : environmental assessment.

Bibliographic Details
Format: Government Document eBook
Language:English
Published: North Bend, OR : U.S. Department of the Interior, Bureau of Land Management, Coos Bay District, 2018.
Subjects:
Online Access:https://purl.fdlp.gov/GPO/gpo108652

MARC

Tag First Indicator Second Indicator Subfields
LEADER 00000cam a2200000 i 4500
001 in00004013467
005 20190117084809.0
006 m o d f
007 cr |||||||||||
008 180910s2018 oruab ob f000 0 eng c
035 |a (OCoLC)on1051223643 
042 |a pcc 
043 |a n-us-or 
040 |a GPO  |b eng  |e rda  |e pn  |c GPO  |d MvI 
049 |a WWW 
074 |a 0629-E-10 (online) 
086 0 |a I 53.59/2:C 78/2 
245 0 0 |a Integrated invasive plant management for the Coos Bay District :  |b environmental assessment. 
264 1 |a North Bend, OR :  |b U.S. Department of the Interior, Bureau of Land Management, Coos Bay District,  |c 2018. 
300 |a 1 online resource (278 pages) :  |b color illustrations, color maps 
336 |a text  |b txt  |2 rdacontent 
337 |a computer  |b c  |2 rdamedia 
338 |a online resource  |b cr  |2 rdacarrier 
500 |a "June 2018." 
500 |a Does not include: seven folded maps; Finding of no significant impact, integrated invasive plant management plan for the Coos Bay District environmental assessment. 
500 |a "(DOI-BLM-ORWA-M000-2017-0003-EA)." 
500 |a "BLM/OR/WA/AE-17/005+1792"--Page 4 of cover. 
504 |a Includes bibliographical references (pages 172-180). 
588 |a Description based on online resource, PDF version; title from title page (BLM, viewed September 10, 2018). 
610 1 0 |a United States.  |b Bureau of Land Management.  |b Coos Bay District. 
650 0 |a Invasive plants  |x Integrated control  |z Oregon  |z Coos Bay Region. 
650 0 |a Noxious weeds  |x Integrated control  |z Oregon  |z Coos Bay Region. 
650 0 |a Herbicides  |x Application  |x Environmental aspects  |z Coos Bay Region. 
655 7 |a Environmental impact statements.  |2 lcgft 
710 1 |a United States.  |b Bureau of Land Management.  |b Coos Bay District,  |e issuing body. 
776 0 8 |i Print version:  |t Integrated invasive plant management for the Coos Bay District  |w (OCoLC)1051223642 
856 4 0 |u https://purl.fdlp.gov/GPO/gpo108652  |t 0 
999 f f |s 2e9a8fc2-4b31-31ed-bd93-75aa3027b435  |i 20f39b6b-5069-3812-acb7-8a2748b89675  |t 0 
952 f f |a Texas A&M University  |b College Station  |c Electronic Resources  |d Available Online  |t 0  |e I 53.59/2:C 78/2  |h Superintendent of Documents classification 
998 f f |a I 53.59/2:C 78/2  |t 0  |l Available Online